Kritik krytý poznaním

Bibliographic Details
Main Author: Janík, Pavol, 1956- (Author)
Format: Article
Language:Slovak
ISSN:1335-3470
Subjects:

MARC

LEADER 00000nab a2200000 a 4500
001 vtls000868921
003 SK-MaSNL
005 20260304234110.0
008 140512c2004 xo 0 slo
015 |a SNBRB2004/04-11349 
035 |a CLN000220473 
040 |a SNKBUCL  |b slo  |c SNKBUCL  |e AACR2 
041 0 |a slo 
044 |a xo  |c SK 
080 |a 792.072(048)  |2 1997 
080 |a 792(437.6)(091)(048)  |2 1997 
100 1 |a Janík, Pavol,  |d 1956-  |4 aut  |9 221069 
245 1 0 |a Kritik krytý poznaním  |c Pavol Janík 
500 |a Publikované aj v časopise Slovenské pohľady. - Roč. 4+120, č. 5 (2004), s. 103-104 
600 1 7 |a Maťašík, Andrej,  |d 1953-2017  |2 snkbucl  |9 102086 
650 0 7 |a slovenské divadlo  |2 snkbucl  |9 3370 
655 7 |a články z novín a časopisov  |2 snkbucl  |9 267496 
773 0 |t Kultúra  |g Roč. 7, č. 5 (2004), s. 10  |x 1335-3470 
787 0 8 |i Rec.:  |a Maťašík, Andrej, 1953-  |t Slovenské divadlo v premenách času  |d Bratislava : Svojpomoc, 2003 
850 |a Slovenská národná knižnica v Martine 
852 |a SNK  |b KIS3GCP 
958 |a RC 
992 |a RBX 
999 |c 3202131  |d 3204061